Педагогические сюжеты в прозе Ф. Сологуба; Язык в поликультурном пространстве: теоретические и прикладные аспекты

التفاصيل البيبلوغرافية
Parent link:Язык в поликультурном пространстве: теоретические и прикладные аспекты.— 2001.— С. 178-181.
المؤلف الرئيسي: Сваровская А. С.
اللغة:الروسية
منشور في: 2001
الموضوعات:
التنسيق: فصل الكتاب
KOHA link:https://koha.lib.tpu.ru/cgi-bin/koha/opac-detail.pl?biblionumber=81268

MARC

LEADER 00000naa2a2200000 4500
001 81268
005 20231031095108.0
035 |a (RuTPU)RU\TPU\book\87368 
090 |a 81268 
100 |a 20050919d2001 k y0rusy50 ca 
101 0 |a rus 
102 |a RU 
200 1 |a Педагогические сюжеты в прозе Ф. Сологуба  |f А. С. Сваровская 
463 0 |0 (RuTPU)RU\TPU\book\48314  |t  Язык в поликультурном пространстве: теоретические и прикладные аспекты  |o Материалы I Международной научно-практической конференции "Преподавание иностранных языков в поликультурном образовательном пространстве", 28-29 мая 2001 г. Томск  |f Томский политехнический университет. Институт языковой коммуникации  |v С. 178-181.  |d 2001  |p 275 с. 
600 1 |a Сологуб  |g Федор Кузьмич  |b Ф. К.  |c русский писатель-символист  |f 1863-1927  |c настоящая фамилия Тетерников  |2 stltpui  |3 (RuTPU)RU\TPU\pers\29 
610 1 |a проза 
610 1 |a художественная литература 
610 1 |a педагогика 
610 1 |a сюжеты 
610 1 |a труды учёных ТПУ 
700 1 |a Сваровская  |b А. С. 
801 1 |a RU  |b 63413507  |c 20050919  |g PSBO 
942 |c BK